| 000 | 00740nam a22001817a 4500 | ||
|---|---|---|---|
| 999 |
_c15228 _d15228 |
||
| 003 | OSt | ||
| 082 | _2631.75807 RAS/CO | ||
| 088 | _aP 125 | ||
| 100 |
_aRASMI S. N _92802 |
||
| 245 | _aComparative study of infiltration rate measurement using double ring infiltrometer and rainfall simulator | ||
| 260 |
_aTavanur 2002 _bKelappaji College of Agricultural Engineering and Technology |
||
| 300 | _a65 | ||
| 500 | _aComparative study of infiltration rate measurement using double ring infiltrometer and rainfall simulator | ||
| 520 | _aComparative study of infiltration rate measurement using double ring infiltrometer and rainfall simulator | ||
| 700 |
_aYesudas Zacharia _92803 |
||
| 700 |
_aEr. Shyla Joseph (Guide) _92708 |
||
| 942 | _cPR | ||